| 000 | 01594nam a2200361 i 4500 | ||
|---|---|---|---|
| 001 | b19845911 | ||
| 003 | KOSZ 005 | ||
| 005 | 20240405063016.0 | ||
| 008 | 070919s1970 pl a g 000 0 pol | ||
| 015 | _aPB 1970/8626 | ||
| 040 |
_aWA N _cWA N _dKOSZ 005/ID |
||
| 041 | 1 |
_apol _hrus |
|
| 080 | _a329.78(47+57):323.2(47+57):355.48(47+57:430):92 | ||
| 100 | 1 |
_aMihajlov, Nikolaj Aleksandrovič _d(1906-1982). _eAutor |
|
| 245 | 1 | 0 |
_aSpokój śni nam się tylko / _cMikołaj Michajłow ; przeł. Ryszard Nowakowski, Jadwiga Szymak ; słowo wstępne Janusz Przymanowski. |
| 246 | 1 |
_iTyt. oryg. : _aPokoj nem toľko snitsâ |
|
| 260 |
_aKraków : _bWydawnictwo Literackie, _cdr. 1970. |
||
| 300 |
_aXVII, [1], 280, [2] s., [16] k. tabl. : _bil. ; _c18 cm. |
||
| 380 | _aKsiążki. | ||
| 520 | 8 | _aWspomnienia dotyczące udziału Komsomołu w drugiej wojnie światowej. | |
| 600 | 1 | 4 |
_aMihajlov, Nikolaj Aleksandrovič _d(1906-1982) |
| 610 | 2 | 4 |
_aVsesoûznyj Leninskij Kommunističeskij Soûz Molodeži _y1939-1945 r. |
| 650 | 4 |
_aWojna 1939-1945 r. _zZSRR. |
|
| 655 | 4 |
_aPamiętniki rosyjskie _y1939-1945 r. |
|
| 648 | 4 | _a1901-2000 | |
| 648 | 4 | _a1939-1945 | |
| 700 | 1 |
_aNowakowski, Ryszard _eTłumaczenie |
|
| 700 | 1 |
_aSzymak-Reiferowa, Jadwiga _d(1931- ). _eTłumaczenie |
|
| 700 | 1 |
_aPrzymanowski, Janusz _d(1922-1998). _eWstęp. |
|
| 710 | 2 |
_aWydawnictwo Literackie _4pbl. |
|
| 856 |
_uhttp://koha.tu.koszalin.pl/cgi-bin/koha/opac-detail.pl?biblionumber=13047 _yKatalog online BPK |
||
| 942 |
_2UKD _cKS |
||
| 999 |
_c13047 _d13047 |
||